000
00259nam a2200109 a 4500
005
20140414132034.0
008
110322s19uu xx 00 eng d
050
_a
TR
_b
W56 1978
100
_a
Rex, Michael
245
_a
Where can bunny paint?.
999
_c
113677
_d
113677